000 00931nam a2200301 i 4500
003 EG-GICUC
005 20260121101429.0
008 251204s1949 it ||||fr|||| 000 0 eng d
040 _aEG-GiCUC
_cEG-GiCUC
_dEG-GiCUC
_erda
082 0 4 _221
_a341
_bMA . D
092 0 4 _221
099 _aLaw1 11 341 MA . D 1949
100 1 _aManlio Udina
_eAuthor.
245 1 3 _aIL diritto internazionale tributario /
_cManlio Udina .
264 1 _aMilani :
_bPadova,
_c1949.
300 _a459 pages ;
_c24 cm.
336 _2rda content
_atext
337 _2rda media
_aComputer
338 _2rda carrier
_aOnline Resource
490 _aTrattato di diritto internaziona
_vDecimo
504 _aIncludes bibliographical references.
546 _a Text in Italian
650 1 4 _aDroit international
_2qrmak
651 1 _2qrmak
856 4 0 _uhttps://fll.law.cu.edu.eg/fulltext/bks/B11-05995.pdf
905 _a78
942 _2ddc
_cBK
_e21
_n0
999 _c48315
_d48315